00505nam a2200181Ia 4500008004100000020001800041082000800059100002500067245003300092250000600125260002500131300001500156500002400171650001400195942000700209952009000216999001700306230524s9999 xx 000 0 und d a9780061333122 bWHI aFrank M.White942425 0aFluid Mechanics (In SI Unit) a7 aNew DelhibMGHc2014 a"XI,860p;" aQuantity Number: 1 aMechanics cBK 00104070aTATCLbTATCLcGENd2023-05-24l0o WHIp53973r2023-05-24w2023-05-24yBK c56711d56711